000 00711nam a2200193 i 4500
001 151913
003 ES-MaACL
005 20230906204438.0
008 931025s1890 sp |||| | spa d
080 _a7.049
100 1 _aBerenguer y Ballester, Pedro A.
_927898
245 1 3 _aLa guerra y el arte /
_cpor Pedro A. Berenguer ; con un prólogo de Francisco Barado.
260 _aBarcelona :
_bRedacción y Administracion de la Revista Científico-Militar y Biblioteca Militar,
_c1890.
300 _aXXVIII, 215 p. ;
_c16 cm.
500 _aDatos tomados de la cub.
650 4 _aGuerra-
_xEn el arte.
_9136209
700 1 _aBarado, Francisco (
_d1853-1922)
_925276
852 _aES-MaACL
_jG-9911
_z-- Enc. hol.
999 _c151913
_d151913